| 000 | 00622nam a2200205Ia 4500 | ||
|---|---|---|---|
| 001 | 13743 | ||
| 003 | GE_BSU | ||
| 008 | 181216s||||||||xx |||||||||||||| ||und|| | ||
| 040 | _cGE_BSU | ||
| 080 | _a821.353.1-31 | ||
| 100 | _aფანჯიკიძე,გ. | ||
| 245 | _aმეშვიდე ცა | ||
| 245 | _cრედ.ს.სიგუა.მხატვ.თამარ ცაგარელი | ||
| 260 | _aთბილისი | ||
| 260 | _bსაბჭოთა საქართველო | ||
| 260 | _c1974 | ||
| 300 | _a543გვ.19სმ. | ||
| 653 | _aმეშვიდე ცა | ||
| 942 | _cBK | ||
| 999 |
_c46890 _d46890 |
||